LIBRARY & INFORMATION CENTRE, KCAET, TAVANUR

ONLINE PUBLIC ACCESS CATALOGUE (OPAC)

Method of test for determination of strength properties of natural building stones (Record no. 7011)

MARC details
000 -LEADER
fixed length control field 00656cam a2200157ua 4500
041 ## - LANGUAGE CODE
Language code of text/sound track or separate title eng
082 ## - DEWEY DECIMAL CLASSIFICATION NUMBER
Classification number 691.21
Item number BUR/ME
245 ## - TITLE STATEMENT
Title Method of test for determination of strength properties of natural building stones
260 ## - PUBLICATION, DISTRIBUTION, ETC. (IMPRINT)
Place of publication :
Name of publisher Bureau of Indian standards ,
Year of publication 1989.
300 ## - PHYSICAL DESCRIPTION
Number of Pages 6 ; .
942 ## - ADDED ENTRY ELEMENTS (KOHA)
Koha item type Books
Holdings
Withdrawn status Lost status Damaged status Home library Current library Date acquired Full call number Accession Number Koha item type
      KAUAET   07/04/2012 691.21 17451 Books
      KAUAET KAUAET 07/04/2012 691.21 17452 Standards
free website counter